[Event "32nd ECC Women 2016"]
[Site "Novi Sad SRB"]
[Date "2016.11.10"]
[Round "5.6"]
[Board "4"]
[White "Manelidou, Maria"]
[Black "Kosc, Renata"]
[Result "1-0"]
[WhiteTitle "WFM"]
[WhiteElo "2084"]
[BlackElo "2016"]
[WhiteTeam "Midland Monarchs"]
[BlackTeam "ASVOE Pamhagen"]
[WhiteFideId "4212240"]
[BlackFideId "1602578"]
[EventDate "2016.11.06"]

1. e4 c5 2. Nf3 Nc6 3. Bb5 g6 4. O-O Bg7 5. Nc3 d6 6. e5 dxe5 7. Bxc6+ bxc6 8.
Re1 Qc7 9. d3 Bg4 10. h3 Bxf3 11. Qxf3 f5 12. Na4 c4 13. dxc4 e4 14. Qa3 Nf6 15.
Be3 Kf7 16. Rad1 Rhd8 17. Bd4 Ne8 18. Bxg7 Nxg7 19. Qe3 e5 20. c3 Ne6 21. Nc5
Nf4 22. g3 Nh5 23. Qh6 Nf6 24. b4 Rxd1 25. Rxd1 Rd8 26. Rxd8 Qxd8 27. Qg7+ Ke8
28. Ne6 Qe7 29. Qh8+ Kd7 30. Nc5+ Kd6 31. Qb8+ Qc7 32. Qf8+ Qe7 33. Nb7+ Ke6 34.
Nd8+ Kd7 35. Qxe7+ Kxe7 36. Nxc6+ 1-0

[Event "32nd ECC Women 2016"]
[Site "Novi Sad SRB"]
[Date "2016.11.10"]
[Round "5.7"]
[Board "1"]
[White "Paehtz, Elisabeth"]
[Black "Efroimski, Marsel"]
[Result "1/2-1/2"]
[WhiteTitle "IM"]
[BlackTitle "WGM"]
[WhiteElo "2474"]
[BlackElo "2312"]
[WhiteTeam "SS Lazio Scacchi"]
[BlackTeam "Rishon Le Zion"]
[WhiteFideId "4641833"]
[BlackFideId "2810964"]
[EventDate "2016.11.06"]

1. c4 e5 2. Nc3 Nf6 3. Nf3 Nc6 4. e3 d5 5. cxd5 Nxd5 6. Qc2 Be7 7. a3 O-O 8. b4
Nxc3 9. dxc3 f5 10. b5 Na5 11. Nxe5 Qd5 12. Nf3 Nb3 13. Rb1 Nxc1 14. Rxc1 Bxa3
15. Rd1 Qf7 16. h4 Bd6 17. Rd4 h6 18. Bc4 Be6 19. Bxe6 Qxe6 20. Ra4 Bc5 21. O-O
a5 22. bxa6 Rxa6 23. Rxa6 Qxa6 24. Qb3+ Kh7 25. Rb1 b6 26. Rd1 Bd6 27. g3 Qe2
28. Kg2 Rf6 29. Rd2 Qa6 30. Qd5 Qc8 31. Nd4 Qf8 32. Rd1 Qf7 33. Qb5 Bc5 34. Nf3
Rd6 35. Ra1 Qd5 36. h5 Qe4 37. Ra4 Qc2 38. Rf4 c6 39. Qa4 Qe2 40. Nd4 Bxd4 41.
cxd4 Qxh5 42. Qb4 Qg6 43. Qxb6 Qe6 44. Qb1 Qd5+ 45. Kg1 g6 46. Qc2 h5 47. Kh2
Re6 48. Qb1 1/2-1/2

[Event "32nd ECC Women 2016"]
[Site "Novi Sad SRB"]
[Date "2016.11.10"]
[Round "5.7"]
[Board "2"]
[White "Lahav, Michal"]
[Black "Brunello, Marina"]
[Result "1/2-1/2"]
[WhiteTitle "WFM"]
[BlackTitle "FM"]
[WhiteElo "2251"]
[BlackElo "2349"]
[WhiteTeam "Rishon Le Zion"]
[BlackTeam "SS Lazio Scacchi"]
[WhiteFideId "2813742"]
[BlackFideId "822590"]
[EventDate "2016.11.06"]

1. e4 c5 2. Nf3 d6 3. d4 cxd4 4. Nxd4 Nf6 5. Nc3 a6 6. Bg5 Nbd7 7. Bc4 Qb6 8.
Qd2 Qxb2 9. O-O Qb4 10. Bb3 e6 11. Rab1 Qa5 12. f4 h6 13. Bh4 Be7 14. Qe1 g5 15.
fxg5 hxg5 16. Bg3 Ne5 17. Ba4+ Kf8 18. h3 b5 19. Bb3 Bd7 20. Qe3 b4 21. Nce2 Qc5
22. Nxe6+ fxe6 23. Qxc5 dxc5 24. Bxe5 Kg7 25. Ng3 Kg6 26. c3 Rhf8 27. Rbd1 Bb5
28. Rf3 c4 29. Bc2 Nd7 30. Rxf8 Bxf8 31. Bd6 bxc3 32. a4 Bc6 33. Bxf8 Nxf8 34.
Rd4 Rc8 35. Rxc4 Bd7 36. Rxc8 1/2-1/2

[Event "32nd ECC Women 2016"]
[Site "Novi Sad SRB"]
[Date "2016.11.10"]
[Round "5.7"]
[Board "3"]
[White "Di Benedetto, Desiree"]
[Black "Federovski, Adi"]
[Result "0-1"]
[WhiteTitle "WFM"]
[WhiteElo "2137"]
[BlackElo "1937"]
[WhiteTeam "SS Lazio Scacchi"]
[BlackTeam "Rishon Le Zion"]
[WhiteFideId "875813"]
[BlackFideId "2813777"]
[EventDate "2016.11.06"]

1. Nf3 g6 2. d4 Nf6 3. c4 Bg7 4. g3 O-O 5. Bg2 d6 6. O-O Nbd7 7. Nc3 e5 8. e4
exd4 9. Nxd4 Re8 10. Qc2 Ne5 11. b3 a6 12. h3 Bd7 13. Be3 Rb8 14. Rad1 Qc8 15.
f4 Nc6 16. Nxc6 Bxc6 17. Bd4 Qd8 18. e5 dxe5 19. Ba7 Qe7 20. Bxb8 Rxb8 21. Bxc6
bxc6 22. Rfe1 Nh5 23. Kh2 Re8 24. f5 Qg5 25. Ne4 Qxf5 26. g4 Qf4+ 27. Kg2 Nf6
28. Nxf6+ Qxf6 29. Rf1 Qe7 30. Qe4 Qe6 31. Rf3 Bh6 32. h4 Bf4 33. Kf2 Qxg4 34.
Rxf4 Qxf4+ 35. Qxf4 exf4 36. Kf3 Kg7 37. Kxf4 Kf6 38. Rd7 Rc8 39. c5 h6 40. Rd4
g5+ 41. Kg4 h5+ 42. Kg3 g4 43. Ra4 Ke5 44. Rxa6 f5 45. Ra4 Rd8 46. Rc4 f4+ 47.
Kf2 g3+ 48. Kf3 Rd3+ 49. Ke2 Re3+ 50. Kd2 g2 51. Rc1 Ke4 0-1

[Event "32nd ECC Women 2016"]
[Site "Novi Sad SRB"]
[Date "2016.11.10"]
[Round "5.7"]
[Board "4"]
[White "Vardi, Shlomit"]
[Black "Santeramo, Alessia"]
[Result "1-0"]
[BlackTitle "WFM"]
[WhiteElo "1889"]
[BlackElo "2097"]
[WhiteTeam "Rishon Le Zion"]
[BlackTeam "SS Lazio Scacchi"]
[WhiteFideId "2801442"]
[BlackFideId "850810"]
[EventDate "2016.11.06"]

1. e4 e5 2. Nf3 Nc6 3. Bc4 Nf6 4. d3 Bc5 5. c3 O-O 6. Bb3 d5 7. Nbd2 d4 8. Qe2
a5 9. a4 Ba7 10. O-O Nd7 11. Bd5 Ne7 12. Bb3 Nc6 13. Bd5 Ne7 14. Bb3 Kh8 15.
cxd4 exd4 16. Ng5 Nd5 17. Qh5 N5f6 18. Qh4 Ne5 19. Qg3 Qe7 20. Nc4 Ng6 21. f4
Bb8 22. Ne5 Be6 23. Bxe6 fxe6 24. Nxg6+ hxg6 25. Qh3+ Kg8 26. e5 Ra6 27. Qh4 c5
28. Rf3 c4 29. Rh3 Nh5 30. g4 Qb4 31. gxh5 gxh5 32. Qxh5 Qe1+ 33. Kg2 1-0

[Event "32nd ECC Women 2016"]
[Site "Novi Sad SRB"]
[Date "2016.11.11"]
[Round "6.1"]
[Board "1"]
[White "Bodnaruk, Anastasia"]
[Black "Hou, Yifan"]
[Result "0-1"]
[WhiteTitle "IM"]
[BlackTitle "GM"]
[WhiteElo "2470"]
[BlackElo "2635"]
[WhiteTeam "Chigorin Chess Club St Petersburg"]
[BlackTeam "Cercle d'Echecs Monte-Carlo"]
[WhiteFideId "4181751"]
[BlackFideId "8602980"]
[EventDate "2016.11.06"]

1. e4 c5 2. Nf3 d6 3. d4 cxd4 4. Nxd4 Nf6 5. Nc3 e6 6. Be3 a6 7. a4 b6 8. g3 Bb7
9. Bg2 Nbd7 10. O-O Qc7 11. Qe2 Be7 12. f4 O-O 13. f5 e5 14. Nb3 Rac8 15. Nd2 h6
16. g4 d5 17. exd5 Bb4 18. g5 hxg5 19. Nde4 Qc4 20. Qf3 Nxe4 21. Nxe4 Bxd5 22.
Bxg5 Qxe4 23. Qxe4 Bxe4 24. Bxe4 Rc4 25. Bg2 Rxc2 26. b3 Bc5+ 27. Kh1 Bd4 28.
Rad1 Rfc8 29. Be3 Bxe3 30. Rxd7 Rb2 31. Be4 Bd4 32. Rd1 f6 33. Bd3 Rc3 34. b4
Kh7 35. b5 a5 36. Rd8 Ra3 37. Bf1 Raa2 38. R8xd4 exd4 39. Rxd4 Ra1 40. Kg1 Rb4
41. Rd2 Rf4 0-1

[Event "32nd ECC Women 2016"]
[Site "Novi Sad SRB"]
[Date "2016.11.11"]
[Round "6.1"]
[Board "2"]
[White "Muzychuk, Anna"]
[Black "Ovod, Evgenija"]
[Result "1/2-1/2"]
[WhiteTitle "GM"]
[BlackTitle "IM"]
[WhiteElo "2561"]
[BlackElo "2375"]
[WhiteTeam "Cercle d'Echecs Monte-Carlo"]
[BlackTeam "Chigorin Chess Club St Petersburg"]
[WhiteFideId "14111330"]
[BlackFideId "4131827"]
[EventDate "2016.11.06"]

1. e4 e6 2. d4 d5 3. Nc3 Bb4 4. e5 Ne7 5. a3 Bxc3+ 6. bxc3 b6 7. Qg4 Ng6 8. h4
h5 9. Qd1 Ba6 10. Bxa6 Nxa6 11. Bg5 Qd7 12. a4 c5 13. Ne2 Rc8 14. O-O Ne7 15.
Nf4 g6 16. Bf6 Rg8 17. c4 dxc4 18. Bxe7 Kxe7 19. d5 exd5 20. Nxd5+ Kf8 21. Qd2
Kg7 22. e6 Qxe6 23. Qc3+ Kh6 24. Rad1 Rgd8 25. Nf6 Nb4 26. Rde1 Qd6 27. Re5 Nxc2
28. Rg5 Qd3 29. Qe5 Qxf1+ 30. Kh2 Qd1 31. Rxh5+ 1/2-1/2

[Event "32nd ECC Women 2016"]
[Site "Novi Sad SRB"]
[Date "2016.11.11"]
[Round "6.1"]
[Board "3"]
[White "Belenkaya, Dina"]
[Black "Muzychuk, Mariya"]
[Result "0-1"]
[WhiteTitle "WGM"]
[BlackTitle "GM"]
[WhiteElo "2332"]
[BlackElo "2532"]
[WhiteTeam "Chigorin Chess Club St Petersburg"]
[BlackTeam "Cercle d'Echecs Monte-Carlo"]
[WhiteFideId "24142654"]
[BlackFideId "14114550"]
[EventDate "2016.11.06"]

1. e4 c5 2. Nf3 e6 3. c4 Nc6 4. Nc3 Nd4 5. Nxd4 cxd4 6. Nb5 e5 7. Be2 Nf6 8. d3
a6 9. Na3 b5 10. cxb5 axb5 11. O-O Bxa3 12. bxa3 d5 13. Qb3 O-O 14. f3 Be6 15.
Qb2 Qb6 16. Rb1 Rfb8 17. Bd1 Nd7 18. Bb3 Nc5 19. Qe2 Qd6 20. Bb2 dxe4 21. fxe4
Bxb3 22. axb3 Nxb3 23. Rf3 Rc8 24. Rbf1 Ra7 25. Rh3 Qe6 26. Qh5 h6 27. Rf2 Rac7
28. Rhf3 Nc5 29. h3 Na4 30. Rf5 g6 31. Qg4 Rc2 32. Qg3 Rxf2 33. Rxf2 Rc6 34. Qf3
Qb3 35. Qe2 Nxb2 36. Qxb2 Qxd3 37. Qb4 Qe3 38. Qb2 Qc1+ 39. Kh2 Qxb2 40. Rxb2
Rc5 41. g4 f6 42. Kg2 Kf7 43. Kf2 Ke6 44. Rb4 f5 45. gxf5+ gxf5 46. a4 bxa4 47.
Rb6+ Kf7 48. exf5 Ra5 0-1

[Event "32nd ECC Women 2016"]
[Site "Novi Sad SRB"]
[Date "2016.11.11"]
[Round "6.1"]
[Board "4"]
[White "Skripchenko, Almira"]
[Black "Balaian, Alina"]
[Result "0-1"]
[WhiteTitle "IM"]
[BlackTitle "WIM"]
[WhiteElo "2455"]
[BlackElo "2216"]
[WhiteTeam "Cercle d'Echecs Monte-Carlo"]
[BlackTeam "Chigorin Chess Club St Petersburg"]
[WhiteFideId "13900145"]
[BlackFideId "24115347"]
[EventDate "2016.11.06"]

1. e4 e6 2. d4 d5 3. exd5 exd5 4. Nf3 Bd6 5. c4 dxc4 6. Bxc4 Nf6 7. O-O O-O 8.
h3 h6 9. Nc3 Nc6 10. a3 Bf5 11. Re1 Re8 12. Be3 a6 13. Nh4 Bh7 14. Qf3 Qd7 15.
Rad1 Re7 16. Bd3 Bxd3 17. Rxd3 Re6 18. Nf5 Bf8 19. Red1 Kh8 20. R3d2 Nh7 21. d5
Ne5 22. Qf4 Rf6 23. Qxe5 Re8 24. Ne7 Bxe7 25. Qh5 Rf5 26. Qg4 Nf6 27. Qa4 Qxa4
28. Nxa4 Ne4 29. Rc2 Bd6 30. Nc3 Nf6 31. Bd4 Nxd5 32. g4 Nxc3 33. Bxc3 Rf4 34.
Kg2 Kh7 35. Bd4 Rfe4 36. Bc5 Bxc5 37. Rxc5 R8e7 38. Rd2 Re1 39. Rc3 c6 40. Rf3
Kg6 41. Rd6+ R1e6 42. Rd8 Rf6 43. Rb8 Rxf3 44. Kxf3 Kf6 45. h4 Ke5 46. Rd8 c5
47. Ke3 g5 48. hxg5 hxg5 49. Rc8 Kd5+ 50. Kd3 b5 51. b3 Rd7 52. Rg8 f6 53. Rc8
Rd6 54. Rc7 Rc6 55. Rd7+ Ke5 56. Ke3 c4 57. bxc4 Rxc4 58. Re7+ Kd6 59. Ra7 Ra4
60. f3 Rxa3+ 61. Ke4 Ke6 62. Rb7 Ra4+ 63. Ke3 Ra1 64. Rb6+ Ke5 65. Kd3 Ra3+ 66.
Ke2 Ra4 67. Rc6 Ra2+ 68. Ke3 Ra3+ 69. Ke2 b4 70. Rc4 a5 71. Rc5+ Kd4 72. Rf5 b3
73. Kd2 Ra1 74. Rb5 Ra2+ 75. Kc1 a4 76. Kb1 Rf2 0-1

[Event "32nd ECC Women 2016"]
[Site "Novi Sad SRB"]
[Date "2016.11.11"]
[Round "6.2"]
[Board "1"]
[White "Socko, Monika"]
[Black "Dzagnidze, Nana"]
[Result "1-0"]
[WhiteTitle "GM"]
[BlackTitle "GM"]
[WhiteElo "2428"]
[BlackElo "2507"]
[WhiteTeam "ASD C.S.R. Fischer Chieti"]
[BlackTeam "NONA Batumi"]
[WhiteFideId "1106619"]
[BlackFideId "13601903"]
[EventDate "2016.11.06"]

1. d4 Nf6 2. c4 e6 3. Nc3 Bb4 4. Qc2 c5 5. dxc5 Na6 6. a3 Bxc3+ 7. Qxc3 Nxc5 8.
b4 Nce4 9. Qb2 d5 10. e3 O-O 11. f3 Nd6 12. c5 Nf5 13. Bd3 b6 14. c6 b5 15. Bxf5
exf5 16. Ne2 Qb6 17. Nd4 Be6 18. O-O Rfc8 19. Qf2 a6 20. Bb2 Ne8 21. Rac1 Qa7
22. Rc5 Qe7 23. Qg3 f6 24. Rd1 Ra7 25. Qf4 Rac7 26. Kf2 g6 27. Qh4 Bf7 28. Rd3
Nd6 29. Ne2 Kg7 30. Nf4 Rxc6 31. Qg5 Ne8 32. Nh5+ Kg8 33. Nxf6+ Nxf6 34. Bxf6 h6
35. Qh4 Qf8 36. Bd4 Kh7 37. Qf4 Qe7 38. Rdc3 Be8 39. Rxc6 Rxc6 40. Rc5 Qe6 41.
Qb8 Rxc5 42. bxc5 g5 43. Qc7+ Kg6 44. Qg7+ Kh5 45. h3 f4 46. exf4 gxf4 47. Qf8
Bf7 48. c6 Qf5 49. Qc5 Qd3 50. c7 Be6 51. Kg1 Qf5 52. Kh2 Bc8 53. Qd6 Qg5 54.
Bf2 Qf5 55. Qd8 Bd7 56. Bd4 a5 57. Qe7 b4 58. axb4 axb4 59. Qxb4 Qg6 60. Bf2 Qc2
61. Qxf4 Qxf2 62. Qf7+ Kh4 63. Qe7+ Kh5 64. Qxd7 Qd4 65. Qf5+ 1-0

[Event "32nd ECC Women 2016"]
[Site "Novi Sad SRB"]
[Date "2016.11.11"]
[Round "6.2"]
[Board "2"]
[White "Batsiashvili, Nino"]
[Black "Zimina, Olga"]
[Result "1/2-1/2"]
[WhiteTitle "IM"]
[BlackTitle "IM"]
[WhiteElo "2489"]
[BlackElo "2394"]
[WhiteTeam "NONA Batumi"]
[BlackTeam "ASD C.S.R. Fischer Chieti"]
[WhiteFideId "13602993"]
[BlackFideId "4132190"]
[EventDate "2016.11.06"]

1. d4 d5 2. c4 dxc4 3. e4 e5 4. Nf3 exd4 5. Bxc4 Nc6 6. Nbd2 Be6 7. Bb5 Bc5 8.
Nb3 Bb4+ 9. Bd2 Bxb3 10. axb3 Bxd2+ 11. Qxd2 Ne7 12. Nxd4 O-O 13. Nxc6 Nxc6 14.
Bxc6 bxc6 15. Qc2 f5 16. O-O fxe4 17. Qxc6 Qd4 18. Qc3 c5 19. Ra4 Qxc3 20. bxc3
Rfe8 21. Re1 Rab8 22. Ra3 Kf8 23. g3 Rb7 24. Re3 Kf7 25. c4 Re6 26. Ra5 Rc7 27.
h4 h5 28. Rb5 g6 29. Kf1 Ke7 30. Re1 a6 31. Rb8 Rd7 32. Re3 Rd1+ 33. Ke2 Rb1 34.
Rc8 Kd6 35. Rf8 Kc6 36. Rf4 Rb2+ 37. Kf1 Kd6 38. Kg2 Rb1 39. g4 hxg4 40. Rfxe4
Rxe4 41. Rxe4 Rxb3 42. Rxg4 Rb4 43. Rxg6+ Ke7 44. Rg4 a5 45. h5 Kf6 46. h6 Rb7
47. Rg3 a4 48. Ra3 Rb4 49. Rh3 Rb8 50. Ra3 Rb4 51. Rh3 1/2-1/2

[Event "32nd ECC Women 2016"]
[Site "Novi Sad SRB"]
[Date "2016.11.11"]
[Round "6.2"]
[Board "3"]
[White "Paolillo, Gaia"]
[Black "Khotenashvili, Bela"]
[Result "0-1"]
[WhiteTitle "WFM"]
[BlackTitle "GM"]
[WhiteElo "2013"]
[BlackElo "2426"]
[WhiteTeam "ASD C.S.R. Fischer Chieti"]
[BlackTeam "NONA Batumi"]
[WhiteFideId "864986"]
[BlackFideId "13602640"]
[EventDate "2016.11.06"]

1. Nf3 g6 2. c4 c5 3. g3 Bg7 4. Bg2 Nc6 5. Nc3 e5 6. O-O Nge7 7. d3 O-O 8. Ne1
d6 9. Nc2 Be6 10. Nd5 Qd7 11. Rb1 Bh3 12. Nxe7+ Nxe7 13. b4 Bxg2 14. Kxg2 b6 15.
e4 h6 16. Qe2 f5 17. f3 Rf7 18. Bd2 cxb4 19. Nxb4 Raf8 20. Nd5 Nxd5 21. cxd5 Qa4
22. Rb2 Rc8 23. Rc1 Rxc1 24. Bxc1 Rc7 25. Qd2 f4 26. g4 Bf6 27. Rb3 Be7 28. Ba3
Kf7 29. Rc3 Qa5 30. Bb2 Rc5 31. Qc2 Qxa2 32. Rxc5 bxc5 33. Kh3 a5 34. Qc3 a4 35.
Kg2 Bd8 36. Kh3 Qb1 37. Bc1 Qb4 38. Bb2 Qxc3 39. Bxc3 a3 40. Kg2 a2 41. Kf1 c4
42. Ke2 Bb6 0-1

[Event "32nd ECC Women 2016"]
[Site "Novi Sad SRB"]
[Date "2016.11.11"]
[Round "6.2"]
[Board "4"]
[White "Melia, Salome"]
[Black "Di Primio, Eugenia"]
[Result "1-0"]
[WhiteTitle "IM"]
[WhiteElo "2393"]
[BlackElo "1928"]
[WhiteTeam "NONA Batumi"]
[BlackTeam "ASD C.S.R. Fischer Chieti"]
[WhiteFideId "13602446"]
[BlackFideId "821942"]
[EventDate "2016.11.06"]

1. e4 e5 2. Nf3 Nc6 3. Bc4 Bc5 4. c3 Nf6 5. d3 a6 6. O-O Ba7 7. Nbd2 O-O 8. h3
d6 9. Bb3 Ne7 10. Re1 Ng6 11. Nf1 h6 12. Ng3 b5 13. a4 Bb7 14. Nf5 Re8 15. Bxh6
gxh6 16. Nxh6+ Kg7 17. Nf5+ Kg8 18. Ng5 d5 19. Qf3 Rf8 20. g3 c5 21. axb5 axb5
22. exd5 Bxd5 23. Bxd5 Nxd5 24. Qh5 1-0

[Event "32nd ECC Women 2016"]
[Site "Novi Sad SRB"]
[Date "2016.11.11"]
[Round "6.3"]
[Board "1"]
[White "Pustovoitova, Daria"]
[Black "Ushenina, Anna"]
[Result "1/2-1/2"]
[WhiteTitle "FM"]
[BlackTitle "GM"]
[WhiteElo "2427"]
[BlackElo "2453"]
[WhiteTeam "SHSM Legacy Square Moscow"]
[BlackTeam "Ugra Chess Club"]
[WhiteFideId "4182146"]
[BlackFideId "14110911"]
[EventDate "2016.11.06"]

1. Nf3 Nf6 2. c4 c5 3. Nc3 d5 4. cxd5 Nxd5 5. e3 e6 6. Nxd5 Qxd5 7. b3 Be7 8.
Bb2 O-O 9. Bc4 Qd8 10. O-O Nc6 11. d4 cxd4 12. Nxd4 Nxd4 13. Bxd4 Bf6 14. Bxf6
Qxf6 15. Qd6 Rd8 16. Qc7 Rd7 17. Qg3 Rd8 18. Qc7 Rd7 19. Qg3 Rd8 20. Qc7 1/2-1/2

[Event "32nd ECC Women 2016"]
[Site "Novi Sad SRB"]
[Date "2016.11.11"]
[Round "6.3"]
[Board "2"]
[White "Pogonina, Natalija"]
[Black "Savina, Anastasia"]
[Result "1-0"]
[WhiteTitle "WGM"]
[BlackTitle "IM"]
[WhiteElo "2492"]
[BlackElo "2363"]
[WhiteTeam "Ugra Chess Club"]
[BlackTeam "SHSM Legacy Square Moscow"]
[WhiteFideId "4147855"]
[BlackFideId "4196872"]
[EventDate "2016.11.06"]

1. d4 d5 2. c4 Nc6 3. Nf3 Bg4 4. Nc3 e6 5. e3 Nf6 6. h3 Bxf3 7. Qxf3 Bb4 8. cxd5
Qxd5 9. Qxd5 exd5 10. Bd2 Bxc3 11. Bxc3 Ne4 12. Rc1 Nxc3 13. Rxc3 O-O-O 14. Bd3
Ne7 15. b4 a6 16. Ke2 h5 17. h4 Rh6 18. Rh3 Rf6 19. Rg3 g6 20. Rc5 c6 21. a4 Kc7
22. Rg5 Re6 23. Rc1 Kd6 24. Rg3 Rf6 25. Rh3 Re8 26. Rf3 Rxf3 27. Kxf3 Nc8 28.
Kf4 Nb6 29. a5 Nd7 30. f3 Nf8 31. e4 dxe4 32. fxe4 Ne6+ 33. Ke3 f5 34. Rf1 f4+
35. Kd2 Rg8 36. Kc3 g5 37. hxg5 Rxg5 38. Rh1 Rxg2 39. Rxh5 Ng5 40. Rh6+ Ke7 41.
d5 cxd5 42. exd5 Nf7 43. Re6+ Kd8 44. Rf6 Ne5 45. Be4 Rg3+ 46. Kd4 Nf3+ 47. Bxf3
Rxf3 48. Ke5 Ke7 49. Rb6 Rd3 50. Rxb7+ Kd8 51. Rb6 f3 52. Rxa6 Rb3 53. Rf6 Ke7
54. d6+ Kd7 55. Rf7+ Ke8 56. Rf4 Kd7 57. Kd5 Rd3+ 58. Kc4 Ra3 59. Rf6 Re3 60. b5
Re4+ 61. Kc5 Re5+ 62. Kb6 Re6 63. Rxf3 Kxd6 64. Rc3 1-0

[Event "32nd ECC Women 2016"]
[Site "Novi Sad SRB"]
[Date "2016.11.11"]
[Round "6.3"]
[Board "3"]
[White "Kovalevskaya, Ekaterina"]
[Black "Mkrtchian, Lilit"]
[Result "1/2-1/2"]
[WhiteTitle "IM"]
[BlackTitle "IM"]
[WhiteElo "2437"]
[BlackElo "2439"]
[WhiteTeam "SHSM Legacy Square Moscow"]
[BlackTeam "Ugra Chess Club"]
[WhiteFideId "4116704"]
[BlackFideId "13300601"]
[EventDate "2016.11.06"]

1. Nf3 d5 2. c4 e6 3. e3 Nf6 4. b3 b6 5. Bb2 Bb7 6. Nc3 a6 7. d4 Nbd7 8. Bd3 Bd6
9. O-O O-O 10. cxd5 exd5 11. Bf5 g6 12. Bh3 Qe7 13. Ne2 Ne4 14. Bxd7 Qxd7 15.
Ne5 Qe7 16. Rc1 f6 17. Nd3 Rae8 18. Re1 Qg7 19. b4 Qh6 20. Ng3 Qg5 21. a3 h5 22.
Nf1 Qf5 23. f3 Ng5 24. Nf2 h4 25. Ng4 Kg7 26. h3 Re7 27. Qd2 Nf7 28. Rc2 g5 29.
Qc1 Rfe8 30. Rf2 Qg6 31. Qc2 Qxc2 32. Rxc2 Bc8 33. Rec1 Bf5 34. Rd2 Bd7 35. Rdd1
Ra8 36. Bc3 Rae8 37. Re1 Kg6 38. Red1 Ba4 39. Re1 Bd7 40. Red1 Rc8 41. Nf2 Bb5
42. Bd2 Rce8 43. e4 c6 44. Ne3 dxe4 45. Nxe4 Bf4 46. Nc4 f5 47. Bxf4 fxe4 48.
Ne5+ Nxe5 49. Bxe5 1/2-1/2

[Event "32nd ECC Women 2016"]
[Site "Novi Sad SRB"]
[Date "2016.11.11"]
[Round "6.3"]
[Board "4"]
[White "Kovanova, Baira"]
[Black "Shuvalova, Polina"]
[Result "1-0"]
[WhiteTitle "WGM"]
[BlackTitle "WIM"]
[WhiteElo "2382"]
[BlackElo "2390"]
[WhiteTeam "Ugra Chess Club"]
[BlackTeam "SHSM Legacy Square Moscow"]
[WhiteFideId "4164083"]
[BlackFideId "24171760"]
[EventDate "2016.11.06"]

1. Nf3 d5 2. c4 c6 3. b3 Nf6 4. Bb2 h6 5. Qc2 Bg4 6. Ne5 Bh5 7. e3 Nbd7 8. d4 e6
9. Nd2 Nxe5 10. dxe5 Nd7 11. Rc1 Be7 12. cxd5 cxd5 13. Qc7 Qxc7 14. Rxc7 Kd8 15.
Rc1 Bg6 16. Be2 f6 17. exf6 gxf6 18. O-O Bd6 19. Nf3 Ke7 20. Nd4 a6 21. f4 Be4
22. Bf3 Rac8 23. h3 Bb4 24. Bxe4 dxe4 25. Rcd1 f5 26. Rf2 Rhd8 27. g4 fxg4 28.
hxg4 Nf6 29. Rg2 Nd5 30. Kf2 Bc3 31. Ba3+ Kf7 32. Ne2 Bg7 33. Rd2 b5 34. Rg1 Rc7
35. Rgd1 b4 36. Bxb4 Rdc8 37. Ba3 Rc2 38. f5 Bf6 39. fxe6+ Kxe6 40. Rxd5 Bh4+
41. Kf1 Rxa2 42. Rd7 Rc6 43. Nf4+ Kf6 44. Be7+ 1-0

[Event "32nd ECC Women 2016"]
[Site "Novi Sad SRB"]
[Date "2016.11.11"]
[Round "6.4"]
[Board "1"]
[White "Sandu, Mihaela"]
[Black "Mammadzada, Gunay"]
[Result "1-0"]
[WhiteTitle "WGM"]
[BlackTitle "WGM"]
[WhiteElo "2207"]
[BlackElo "2371"]
[WhiteTeam "Midland Monarchs"]
[BlackTeam "Odlar Yurdu"]
[WhiteFideId "1204327"]
[BlackFideId "13403729"]
[EventDate "2016.11.06"]

1. e4 c5 2. Nf3 d6 3. d4 cxd4 4. Nxd4 Nf6 5. Nc3 a6 6. Be2 e5 7. Nb3 Be7 8. O-O
Be6 9. Be3 Nbd7 10. a4 Rc8 11. Bf3 Nb6 12. Nd2 O-O 13. a5 Nbd7 14. Qe2 h6 15.
Rfd1 g5 16. h3 Kh7 17. Nf1 Rg8 18. Nh2 Nf8 19. Ng4 N6d7 20. Nd5 Ng6 21. Nh2 Bf8
22. Bg4 Nf4 23. Bxf4 gxf4 24. Kh1 Qg5 25. Bf3 Nf6 26. c4 Nxd5 27. cxd5 Bd7 28.
Rg1 Be7 29. Bg4 Bxg4 30. Nxg4 Rc7 31. Nh2 Rgc8 32. Nf3 Qh5 33. Rad1 Rc5 34. Qd3
Rxa5 35. Rc1 Rac5 36. Rxc5 Rxc5 37. Qb3 Rb5 38. Qc3 Rc5 39. Qb3 b5 40. Qa3 Qg6
41. Qxa6 Qxe4 42. Qb7 Bf6 43. Qxf7+ Bg7 44. Nh4 Qxd5 45. Qg6+ Kh8 46. Nf5 Rc7
47. Ra1 f3 48. g3 e4 49. Nxg7 Rxg7 50. Qxh6+ Kg8 51. g4 Re7 52. Qg6+ Kf8 53.
Qf6+ Ke8 54. Ra8+ 1-0

[Event "32nd ECC Women 2016"]
[Site "Novi Sad SRB"]
[Date "2016.11.11"]
[Round "6.4"]
[Board "2"]
[White "Mammadova, Gulnar"]
[Black "Srebrnic, Ana"]
[Result "1-0"]
[WhiteTitle "WGM"]
[BlackTitle "WGM"]
[WhiteElo "2364"]
[BlackElo "2216"]
[WhiteTeam "Odlar Yurdu"]
[BlackTeam "Midland Monarchs"]
[WhiteFideId "13403508"]
[BlackFideId "14603314"]
[EventDate "2016.11.06"]

1. e4 e6 2. d4 d5 3. Nc3 Bb4 4. e5 b6 5. a3 Bf8 6. b4 Ne7 7. Nf3 Nf5 8. Bb5+ c6
9. Bd3 Be7 10. O-O Ba6 11. b5 cxb5 12. Nxb5 O-O 13. a4 Nc6 14. c3 Na5 15. Ra2
Nc4 16. g4 Nh4 17. Nxh4 Bxh4 18. g5 Bxb5 19. axb5 Bxg5 20. Qh5 h6 21. f4 Bh4 22.
Rg2 f5 23. Qxh6 Qe7 24. Bxc4 dxc4 25. Ba3 1-0

[Event "32nd ECC Women 2016"]
[Site "Novi Sad SRB"]
[Date "2016.11.11"]
[Round "6.4"]
[Board "3"]
[White "Manelidou, Maria"]
[Black "Kazimova, Narmin"]
[Result "1/2-1/2"]
[WhiteTitle "WFM"]
[BlackTitle "WGM"]
[WhiteElo "2084"]
[BlackElo "2323"]
[WhiteTeam "Midland Monarchs"]
[BlackTeam "Odlar Yurdu"]
[WhiteFideId "4212240"]
[BlackFideId "13402951"]
[EventDate "2016.11.06"]

1. e4 c5 2. Nf3 d6 3. d4 cxd4 4. Nxd4 Nf6 5. f3 e5 6. Nb3 Be6 7. c4 a5 8. Be3 a4
9. N3d2 Qa5 10. Bd3 Be7 11. O-O Bd8 12. Na3 Bb6 13. Bxb6 Qxb6+ 14. Kh1 Nc6 15.
Nb5 Nd4 16. Nxd4 Qxd4 17. Qc2 Nh5 18. Rfd1 O-O 19. Nb1 Nf4 20. Na3 Nxd3 21. Rxd3
Qc5 22. g4 Rfc8 23. Rc1 Rc6 24. Qd2 Rac8 25. Rdc3 Qb4 26. Rd3 Qc5 27. Rdc3 Qb6
28. b3 axb3 29. axb3 Qc5 30. Nb5 Rb6 31. R3c2 Ra8 32. Rd1 Raa6 33. Ra2 h6 34.
Rb2 Bd7 35. Nc3 Ra3 36. Rdb1 Bc6 37. Nd1 Rb4 38. Ne3 Rb6 39. Nc2 Ra8 40. Rd1 Bd7
41. Qe2 Be6 42. Ne3 Ra3 43. Rd3 Ra1+ 44. Kg2 Rc6 45. Qd2 b5 46. b4 Qb6 47. cxb5
Qxb5 48. Rxd6 Rcc1 49. Qf2 Kh7 50. Rdd2 Ra4 51. Nd5 Raa1 52. Ne3 Ra4 53. Nd5
Raa1 54. Ne3 Ra4 1/2-1/2